[Event "Casino op 3rd"]
[Site "Velden"]
[Date "1995.??.??"]
[Round "5"]
[White "Hoessel, Harald"]
[Black "Wagner, Stephan"]
[Result "0-1"]
[WhiteElo "1479"]
[BlackElo "1731"]
[PlyCount "22"]
[EventDate "1995.06.30"]
[EventType "swiss"]
[EventRounds "9"]
[EventCountry "AUT"]
[SourceTitle "EXT 2022"]
[Source "ChessBase"]
[SourceDate "2021.10.06"]
[SourceVersion "1"]
[SourceVersionDate "2021.10.06"]
[SourceQuality "1"]

1. e4 c5 2. Nf3 d6 3. d4 cxd4 4. Bb5+ Bd7 5. Bxd7+ Qxd7 6. Qxd4 Nc6 7. Qa4 g6 8. Bd2 Bg7 9. Bc3 Nf6 10. 0-0 0-0 11. Re1 Rfc8 0-1